Quantitative Methods in Management : Case Studies of Failures and Successes. (Record no. 2415)

MARC details
005 - DATE AND TIME OF LATEST TRANSACTION
control field 20250516140059.0
020 ## - INTERNATIONAL STANDARD BOOK NUMBER
International Standard Book Number 0 471 90841 X
082 ## - DEWEY DECIMAL CLASSIFICATION NUMBER
Classification number 658.403 TIL
245 ## - TITLE STATEMENT
Title Quantitative Methods in Management : Case Studies of Failures and Successes.
260 ## - PUBLICATION, DISTRIBUTION, ETC.
Place of publication, distribution, etc. New York,
Name of publisher, distributor, etc. John Wiley & Sons
Date of publication, distribution, etc. 1983.
300 ## - PHYSICAL DESCRIPTION
Extent xvi, 279p.: ill.; figure, table
Other physical details Index
Dimensions 23cm.
700 ## - ADDED ENTRY--PERSONAL NAME
Other authors/Editors TILANUS, C. B. & GANS, O. B. & LENSTRA, J. K.
942 ## - ADDED ENTRY ELEMENTS (KOHA)
Source of classification or shelving scheme Dewey Decimal Classification
Koha item type Books
Holdings
Date last seen Total checkouts Full call number Barcode Cost, replacement price Price effective from Koha item type Lost status Source of classification or shelving scheme Damaged status Not for loan Withdrawn status Home library Current library Shelving location Date acquired Cost, normal purchase price
05/16/2025   658.403 TIL 0000009077 54354.00 05/16/2025 Books   Dewey Decimal Classification       College of Business Education Main Library College of Business Education Main Library General Collection 07/04/1991 18118.00
05/16/2025   658.403 TIL 0000009078 54354.00 05/16/2025 Books   Dewey Decimal Classification       College of Business Education Main Library College of Business Education Main Library General Collection 07/04/1991 18118.00
05/16/2025   658.403 TIL 0000009079 54354.00 05/16/2025 Books   Dewey Decimal Classification       College of Business Education Main Library College of Business Education Main Library General Collection 07/04/1991 18118.00